00477nam a22001337a 4500020000800000082000800008100001600016245011400032260003600146300002700182650004300209700003400252856005700286 qHBK a616 akhan, Hayat aIntergenotypic Comparison of Various Antivirals and Immunomodulators Against Hepatitis C Virus /cHayat khan. aIslamabad:bASAB - NUST,c2016. a168 p. : ill. ;c30cm. a Ph.D Thesis.Virology and Immunology - aSupervisor: Dr. Sheeba Murad. uhttp://10.250.8.41:8080/xmlui/handle/123456789/25419